000 00934cab a2200277 4500
001 WB2726-15
008 090401t1991 xxu||||| |||| 00| 0 eng d
035 _a(Sirsi) u27776
041 _aeng
245 _aRental market goes semi-detached
260 _c1991
350 _a0
490 _aFinancial Times
_vWeekend 29/6/91 p11(2)
520 _aAnalyses opportunities for the residential private rented sector offered by the Housing Act 1988 .
650 _aASSOCIATION OF RESIDENTIAL LETTING AGENTS
650 _aASSURED SHORTHOLD TENANCIES
650 _aASSURED TENANCIES
650 _aHOUSE PRICES
650 _aHOUSING
650 _aINVESTMENT
650 _aLETTING AGENCIES
650 _aPROPERTY-RESIDENTIAL PROPERTY-RESIDENTIAL LANDLORD AND TENANT-RESIDENTIAL TENANCIES
690 _aPROPERTY-RESIDENTIAL PROPERTY-RESIDENTIAL LANDLORD AND TENANT-RESIDENTIAL TENANCIES
942 _n0
948 _c04/03/1997
999 _c18713
_d18713